Normal view MARC view

Entry Nombre personal

Number of records used in: 1

001 - NÚMERO DE CONTROL

  • campo de control: 151497

003 - IDENTIFICADOR DE NÚMERO DE CONTROL

  • campo de control: SpMaBN

005 - FECHA Y HORA DE LA ÚLTIMA TRANSACCIÓN

  • campo de control: 20250804114017.0

008 - ELEMENTOS DE DATO DE LONGITUD-FIJA

  • campo de control de longitud fija: 990610n| aijnnaabn |n aaa

016 ## - NÚMERO DE CONTROL DE UNA AGENCIA BIBLIOGRÁFICA NACIONAL

  • Número de control del registro: BNE19997875287

024 7# - IDENTIFICADOR DE OTROS ESTÁNDARES

  • Número estándar o código: http://www.wikidata.org/entity/Q12254917
  • Fuente: wikidata

024 7# - IDENTIFICADOR DE OTROS ESTÁNDARES

  • Número estándar o código: http://viaf.org/viaf/56569168/
  • Fuente: viaf

024 7# - IDENTIFICADOR DE OTROS ESTÁNDARES

  • Número estándar o código: https://isni.org/isni/0000000059382737
  • Fuente: isni

040 ## - FUENTE DE CATALOGACIÓN

  • Centro catalogador/agencia de origen: SpMaBN
  • Lengua de catalogación: spa
  • Centro/agencia transcriptor: SpMaBN
  • Normas de descripción: rdc
  • Convención/Normas de encabezamiento de materia/tesauro: embne

046 ## - FECHAS CON CODIFICACIÓN ESPECIAL

  • Fecha de nacimiento: 1962

100 1# - ENCABEZAMIENTO-NOMBRE DE PERSONA

  • Nombre de persona: Vicario, Begoña,
  • Fechas asociadas al nombre: 1962-

375 ## - GÉNERO/SEXO

  • Género: Femenino

670 ## - FUENTE DE DATOS ENCONTRADOS

  • Cita de la fuente: Breve historia del cine de animación experimental vasco, 1998
  • Información encontrada: port. (Begoña Vicario) p. 63 (n. 1962, Caracas; prof. de animación, Facultad de Bellas Artes, Univ. del País Vasco; realiza cortometrajes)